Rise of the grey pound (Record no. 79780)

MARC details
000 -LEADER
fixed length control field 00874cab a22002055a 4500
001 - CONTROL NUMBER
control field L142337
008 - FIXED-LENGTH DATA ELEMENTS--GENERAL INFORMATION
fixed length control field 080206e20080202xxk f 000 0 eng d
035 ## - SYSTEM CONTROL NUMBER
System control number (Sirsi) u142337
041 0# - LANGUAGE CODE
Language code of text/sound track or separate title eng
100 1# - MAIN ENTRY--PERSONAL NAME
Personal name Dines, Peter
245 00 - TITLE STATEMENT
Title Rise of the grey pound
260 ## - PUBLICATION, DISTRIBUTION, ETC.
Date of publication, distribution, etc. 2008
490 ## - SERIES STATEMENT
Series statement Estates Gazette
Volume/sequential designation (0804) 2 February 2008, 160-162(3)
520 ## - SUMMARY, ETC.
Summary, etc. Examines the increasing attention being paid to extra-care housing by planners and developers. Offers a definition of extra-care housing as suggested by the RTPI's Good Practice Note 8. Considers issues relating to such schemes, including planning, scheme classification, sale and rent, and the commercial gains to be made from such enterprises.
590 ## - LOCAL NOTE (RLIN)
Local note KA
651 #4 - SUBJECT ADDED ENTRY--GEOGRAPHIC NAME
Geographic name United Kingdom
Chronological subdivision
690 ## - LOCAL SUBJECT ADDED ENTRY--TOPICAL TERM (OCLC, RLIN)
Topical term or geographic name as entry element PROPERTY-OTHER PROPERTY TYPES-HEALTHCARE AND WELFARE PROPERTY
700 1# - ADDED ENTRY--PERSONAL NAME
Personal name Orr, James
942 ## - ADDED ENTRY ELEMENTS (KOHA)
Suppress in OPAC 0
Holdings
Withdrawn status Lost status Source of classification or shelving scheme Damaged status Not for loan Home library Current library Shelving location Date acquired Total Checkouts Full call number Barcode Date last seen Copy number Price effective from Koha item type
    Dewey Decimal Classification     London London Journal article 06/02/2008   L142337 142337-1001 06/08/2019 1 06/08/2019 Journal article